Edipo Rey
Đã lưu trong:
| Tác giả chính: | |
|---|---|
| Định dạng: | Sách |
| Ngôn ngữ: | Tiếng Tây Ban Nha |
| Được phát hành: |
Santiago
Lom
1998
|
| Phiên bản: | 1a. ed |
| Loạt: | Libros del Ciudadano
|
| Những chủ đề: | |
| Các nhãn: |
Thêm thẻ
Không có thẻ, Là người đầu tiên thẻ bản ghi này!
|
MARC
| LEADER | 00000cam a2200000 a 4500 | ||
|---|---|---|---|
| 001 | UCH7230 | ||
| 003 | CL-VaPUC | ||
| 008 | 091109e19980000CL |||||||||||||||||spa|d | ||
| 020 | |a 9562821307 | ||
| 082 | 0 | 4 | |a 882 |b SOF |2 21 |
| 100 | |a Sófocles |e autor |9 269407 | ||
| 245 | 1 | 0 | |a Edipo Rey |
| 250 | |a 1a. ed | ||
| 300 | |a 79 p | ||
| 942 | |c BK | ||
| 945 | |d 20091109 00:00:00 |a lazolas | ||
| 260 | |a Santiago |b Lom |c 1998 | ||
| 650 | 0 | |a Tragedia griega |9 265362 | |
| 650 | 7 | |a DRAMAS GRIEGOS |2 CL-VaPUC |9 543626 | |
| 650 | 7 | |a LITERATURA GRIEGA |2 CL-VaPUC |9 258054 | |
| 650 | 7 | |a TEATRO GRIEGO |2 CL-VaPUC |9 543627 | |
| 651 | 0 | |a Grecia |9 265314 | |
| 583 | |a last modification |c 20120621 10:33:27 |k Rodrigo Vera | ||
| 490 | 0 | |a Libros del Ciudadano | |
| 999 | |c 337897 |d 337895 | ||
| 952 | |0 0 |1 0 |4 0 |6 882_000000000000000_SOF_1998 |7 0 |8 A |9 430596 |a BIBART |b BIBART |d 2019-11-22 |i 481181K |l 1 |o 882 SOF 1998 |p 481181K |r 2025-03-13 |s 2023-06-14 |w 2019-11-22 |y BK |k ART | ||
| 952 | |0 0 |1 0 |3 erb |4 0 |6 882_000000000000000_SOF_1998 |7 0 |8 A |9 430597 |a BIBHIS |b BIBHIS |i 5374847 |o 882 SOF 1998 |p 5374847 |r 2025-01-20 |w 2019-11-22 |y BK |z Catalogado en:20170508 |k HIS | ||